[Event "Asia zt 3.2 Online"]
[Site "Tornelo INT"]
[Date "2021.06.05"]
[Round "5"]
[White "Ahmad, Awais"]
[Black "Musawir, Khan"]
[Result "1-0"]
[WhiteElo "1838"]
[BlackElo "1773"]
[PlyCount "35"]
[EventDate "2021.06.01"]
[EventType "swiss"]
[EventRounds "9"]
[EventCountry "NET"]
[SourceTitle "CBM 202 Extra"]
[Source "ChessBase"]
[SourceDate "2021.07.31"]
[SourceVersion "1"]
[SourceVersionDate "2021.07.31"]
[SourceQuality "1"]

1. e4 Nc6 2. d4 e6 3. c3 d6 4. f4 Be7 5. Nf3 Nf6 6. Bd3 Nh5 7. Be3 g6 8. Nbd2 Bh4+ 9. g3 Bf6 10. Qe2 a6 11. g4 Ng7 12. g5 Be7 13. d5 exd5 14. exd5 Nb8 15. Bd4 Kf8 16. 0-0-0 h5 17. gxh6 Rh7 18. hxg7+ 1-0

[Event "Asia zt 3.2 Online"]
[Site "Tornelo INT"]
[Date "2021.06.01"]
[Round "1"]
[White "Anata, Choudhury"]
[Black "Musawir, Khan"]
[Result "1-0"]
[WhiteElo "2202"]
[BlackElo "1773"]
[PlyCount "61"]
[EventDate "2021.06.01"]
[EventType "swiss"]
[EventRounds "9"]
[EventCountry "NET"]
[SourceTitle "CBM 202 Extra"]
[Source "ChessBase"]
[SourceDate "2021.07.31"]
[SourceVersion "1"]
[SourceVersionDate "2021.07.31"]
[SourceQuality "1"]

1. e4 e5 2. Nf3 Nc6 3. Bb5 d6 4. d4 Bd7 5. Nc3 Nxd4 6. Nxd4 exd4 7. Qxd4 a6 8. Bxd7+ Qxd7 9. Be3 Nf6 10. f3 Be7 11. 0-0-0 0-0-0 12. Qa7 Qc6 13. g4 b5 14. g5 Nd7 15. Nd5 Rhe8 16. Kb1 Qb7 17. Qd4 f6 18. h4 Kb8 19. c4 c5 20. Qc3 b4 21. Qc2 Bf8 22. Bf4 Nb6 23. gxf6 Nxd5 24. Rxd5 gxf6 25. Rhd1 Qc6 26. Qh2 Kc7 27. Qh3 Rd7 28. Qf5 Kb6 29. Rxc5 Qxc5 30. Qxd7 Qc6 31. Be3+ 1-0